Licenčné poplatky a medzinárodné zmluvy o zamedzení dvojitého zdanenia
Definícia licenčných poplatkov a modelová zmluva OECD. Definícia licenčných poplatkov podľa práva v Slovenskej republike. Zdaňovanie práv z duševného vlastníctva v Slovenskej republike.
Gespeichert in:
| 1. Verfasser: | |
|---|---|
| Format: | Buchkapitel |
| Sprache: | Slowakisch |
| Schlagworte: | |
| Tags: |
Keine Tags, Fügen Sie das erste Tag hinzu!
|
MARC
| LEADER | 00000naa$a2200000$$$4500 | ||
|---|---|---|---|
| 001 | 0001875 | ||
| 005 | 20230927072224.1 | ||
| 041 | 0 | |a slo | |
| 044 | |a SK | ||
| 245 | 1 | 0 | |a Licenčné poplatky a medzinárodné zmluvy o zamedzení dvojitého zdanenia |c aut. Miroslava Brnová |
| 520 | |a Definícia licenčných poplatkov a modelová zmluva OECD. Definícia licenčných poplatkov podľa práva v Slovenskej republike. Zdaňovanie práv z duševného vlastníctva v Slovenskej republike. | ||
| 610 | 2 | 0 | |a zdanenie dvojité |
| 610 | 2 | 0 | |a zmluvy medzinárodné |
| 610 | 2 | 0 | |a licencie |
| 610 | 2 | 0 | |a poplatky |
| 610 | 2 | 0 | |a právo |
| 610 | 2 | 0 | |a Slovensko |
| 610 | 2 | 0 | |a vlastníctvo duševné |
| 100 | 1 | |a Brnová, Miroslava | |